[Event "Kouty nad Desnou op-A"]
[Site "Kouty nad Desnou"]
[Date "2024.03.12"]
[Round "5"]
[White "Burel, Jiri"]
[Black "Tschulikova, Sara"]
[Result "1-0"]
[WhiteElo "1506"]
[BlackElo "1491"]
[PlyCount "57"]
[EventDate "2024.03.09"]
[EventType "swiss"]
[EventRounds "9"]
[EventCountry "CZE"]
[SourceTitle "CB13_2024"]
[SourceDate "2024.03.27"]
[SourceVersion "1"]
[SourceVersionDate "2024.03.27"]
[SourceQuality "1"]

1. d4 d5 2. c4 c6 3. Nf3 g6 4. Bf4 Bf5 5. Nc3 Nf6 6. e3 Bg7 7. Be2 0-0 8. 0-0 Nbd7 9. Rc1 Qa5 10. Qd2 dxc4 11. Bxc4 Nb6 12. Bb3 Bg4 13. Ne5 Nbd5 14. Bxd5 cxd5 15. Nxg4 Nxg4 16. h3 Nf6 17. Rc2 Rfd8 18. Rfc1 Qa6 19. a3 Ne4 20. Nxe4 dxe4 21. Rc7 Bf8 22. Qc2 b6 23. Qxe4 Rac8 24. Qc6 Rxc7 25. Qxc7 Rd5 26. Qc8 Qxc8 27. Rxc8 Rb5 28. Bh6 Rxb2 29. Rxf8# 1-0